000 00547nam a22001817a 4500
005 20170112125633.0
010 _aENG-117059
020 _a9789386050847
_c299.00
035 _aEN-100591
037 _bDBAD/PUB
082 _a808.883
100 _aMenon,Ritu
245 _aLoitering with intent :
_bdairy of a happy traveller/
_cby Ritu Menon
260 _aNew Delhi
_bSpeaking Tiger
_c2016
270 _a4381/4 Ansari Road,Daryaganj
_bNew Delhi
_e110002
300 _a235p.:
_bill
_c22cm(pbk)
942 _2ddc
_cEN
_h808.883
_mMEN
999 _c105829
_d105829